Module en seconde: nouveaux programmes
Furkejuvvon:
| Searvvušdahkki: | |
|---|---|
| Materiálatiipa: | Girji |
| Giella: | fránskkagiella |
| Almmustuhtton: |
París
IREM
1993
|
| Fáttát: | |
| Fáddágilkorat: |
Lasit fáddágilkoriid
Eai fáddágilkorat, Lasit vuosttaš fáddágilkora!
|
MARC
| LEADER | 00000nam a2200000 a 4500 | ||
|---|---|---|---|
| 001 | UCM8270 | ||
| 003 | CL-VaPUC | ||
| 008 | 030228e19930000FR |||||||||||||||||fre|d | ||
| 082 | 0 | 4 | |a 510.0712 |b COM |2 21 |
| 110 | 2 | |a Commission Inter-IREM Second Cycle |e author |9 474274 | |
| 245 | 1 | 0 | |a Module en seconde: nouveaux programmes |
| 300 | |a 84 p | ||
| 942 | |c BK | ||
| 945 | |d 20030228 00:00:00 |a cmena | ||
| 260 | |a París |b IREM |c 1993 | ||
| 650 | 0 | |a Matemáticas |x Enseñanza |9 875527 | |
| 650 | 0 | |a Planificación del currículo |9 269599 | |
| 583 | |a last modification |c 20030228 00:00:00 |k Rodrigo Vera | ||
| 999 | |c 302840 |d 302838 | ||
| 952 | |0 0 |1 0 |4 0 |6 510_071200000000000_COM_1993 |7 0 |8 A |9 363623 |a BIBMAT |b BIBMAT |c E_DIDACT |d 2019-11-21 |i 3837327 |o 510.0712 COM 1993 |p 3837327 |r 2025-01-07 |w 2019-11-21 |y BK |k MAT | ||